000 00582cab a2200229 4500
001 WB3236-27
008 090401t1996 xxu||||| |||| 00| 0 eng d
035 _a(Sirsi) u7980
041 _aeng
245 _aResidential property
260 _c1996
300 _aLOAN
350 _a0
490 _aFinancial Times
_v21 September 1996 (12)
520 _aSpecial supplement looking at the residential property market in the UK and overseas.
650 _aFAR EAST
650 _aHOUSING MARKET
650 _aIRELAND
690 _aHOUSING
942 _n0
948 _c04/03/1997
999 _c4861
_d4861